| 000 | 00662nam a2200241Ia 4500 | ||
|---|---|---|---|
| 999 |
_c125123 _d125123 |
||
| 001 | 69094 | ||
| 005 | 20211224101806.0 | ||
| 008 | 151103s9999||||xx |||||||||||||| ||und|| | ||
| 020 | _a9781319381493 | ||
| 040 | _cPK-LaUMT | ||
| 082 |
_a 612.1111 _bNEL-L |
||
| 100 | _aNelson, David L. | ||
| 245 |
_aLehninger principles of biochemistry / _cby David L. Nelson, Michael M. Cox and Aaron A. Hoskins |
||
| 250 | _a8th ed. | ||
| 260 |
_aNew York,USA: _bMacmillian Learniong, _c2021 |
||
| 300 | _a1096 p. | ||
| 546 | _aEN | ||
| 650 | _aBiochemistry | ||
| 650 | _aHemoglobins | ||
| 650 | _aHemoglobin-Structure | ||
| 700 | _aCox, Michael M. | ||
| 942 | _cBK | ||